=LDR 00000nam 2200000 4500 =001 INLIS000000000041619 =005 20130612151136 =008 ***********************************ind** =035 ##$$0010-061300000041619 =041 ##$$a ind =082 ##$$a 630 =090 ##$$a 630, Mul P =100 ##$$a Mulat Tri =245 ##$$a Pertanian Internet, Situs PertanianSitus Peternakan =260 ##$$a 2003 $b Jakarta =300 ##$$a viii, 120 hlm, ilus, 20.5 cm =850 ##$$a NBPNMAT =990 ##$$a 0001/BPAP-NTB/2015